Anaquel de estudios árabes
| Autor Corporativo: | |
|---|---|
| Formato: | Electrónico Seriadas |
| Lenguaje: | español árabe inglés francés |
| Publicado: |
[Madrid] :
Editorial de la Universidad Complutense,
1990-
|
| Materias: | |
| Acceso en línea: | Full text available from Research Library: 01/01/2005 to 1 year ago Full text available from PRISMA Database with HAPI Index: 01/01/2005 to 01/31/2016 |
MARC
| LEADER | 00000nas a2200000 a 4500 | ||
|---|---|---|---|
| 001 | ssj0059453 | ||
| 003 | WaSeSS | ||
| 005 | 20200512172242.0 | ||
| 006 | m d | ||
| 007 | cr n | ||
| 008 | 911120u1990uuuusp ar s 0 0spa c | ||
| 010 | |a sn 94031396 | ||
| 016 | 7 | |a 001251275 |2 IsJJNL | |
| 022 | |l 1130-3964 |y 1130-3964 | ||
| 035 | |a (WaSeSS)ssj0059453 | ||
| 040 | |a CGU |b eng |c CGU |d HUL |d SYS |d DLC |d NSD |d NLGGC |d IUL |d J9U |d OCLCA |d DLC |d OCLCQ |d OCLCO |d OCLCF |d OCLCO |d OCL |d CUS |d L2U |d WaSeSS | ||
| 041 | 0 | |a spa |a ara |a eng |a fre | |
| 042 | |a pcc | ||
| 043 | |a e-sp--- | ||
| 050 | 0 | 0 | |a DP103 |b .A454 |
| 210 | 0 | |a Anaquel estud. árabes | |
| 222 | 0 | |a Anaquel de estudios árabes | |
| 245 | 0 | 0 | |a Anaquel de estudios árabes |h [electronic resource] / |c Universidad Complutense de Madrid, Facultad de Filologia, Departamento de Estudios Arabes e Islámicos. |
| 260 | |a [Madrid] : |b Editorial de la Universidad Complutense, |c 1990- | ||
| 310 | |a Annual | ||
| 362 | 0 | |a No. 1 (1990)- | |
| 500 | |a Publisher varies: Servicio de Publicaciones, Universidad Complutense, <1998-> | ||
| 506 | |a License restrictions may limit access. | ||
| 546 | |a Chiefly in Spanish; some also in Arabic, English, and French. | ||
| 588 | |a Latest issue consulted: No. 18 (2007). | ||
| 648 | 7 | |a 711-1516 |2 fast | |
| 650 | 0 | |a Islamic civilization |v Periodicals. | |
| 650 | 0 | |a Arabic philology |v Periodicals. | |
| 650 | 7 | |a 18.71 Arabic language and literature: general. |0 (NL-LeOCL)077612345 |2 bcl | |
| 650 | 7 | |a Arabic philology. |2 fast |0 (OCoLC)fst00812526 | |
| 650 | 7 | |a Civilization. |2 fast |0 (OCoLC)fst00862898 | |
| 650 | 7 | |a Islamic civilization. |2 fast |0 (OCoLC)fst01730294 | |
| 650 | 1 | 7 | |a Arabisch. |2 gtt |
| 651 | 0 | |a Spain |x Civilization |y 711-1516 |v Periodicals. | |
| 651 | 7 | |a Spain. |2 fast |0 (OCoLC)fst01204303 | |
| 655 | 0 | |a Electronic journals. | |
| 710 | 2 | |a Universidad Complutense de Madrid. |b Departamento de Estudios Arabes e Islámicos. | |
| 850 | |a DLC |a MH | ||
| 853 | 2 | 0 | |8 1 |a no. |i (year) |w a |
| 856 | 4 | 0 | |z Full text available from Research Library: 01/01/2005 to 1 year ago |u https://search.proquest.com/publication/76092 |
| 856 | 4 | 0 | |z Full text available from PRISMA Database with HAPI Index: 01/01/2005 to 01/31/2016 |u https://search.proquest.com/publication/237380 |
| 863 | 4 | 1 | |8 1.1 |a 1 |i 1990 |